000 00423nam a22001577a 4500
005 20260331155101.0
008 260331b |||||||| |||| 00| 0 eng d
020 _a978-93-51502-295-9
050 _aRC 46.C37 2014
100 _aATUL KAKAR
245 _aCASE STUDIES IN ETERNAL MEDICINE
260 _aNEW DELHI
_bJAYPEE BROTHERS
_c2014
300 _aX,144
650 _aClinical medicine case studies
942 _2lcc
_cBK
999 _c216910
_d216910